LEADER 00986nam0-2200289 --450 001 9910379860403321 005 20200324095449.0 010 $a8846425448 035 $a(ItFiC)it00696315 100 $a20200324d2001----kmuy0itay5050----ba 101 0 $aita 200 1 $aStore check$ela gestione dell'informazione nel punto vendita : manuale di didattica attiva /$fDavide Pellegrini, Ivano Dolciotti 210 $aMilano$cF. Angeli$d2001 215 $a159 p.$cill. ;$d23 cm. +$e1 computer optical disc (4 3/4 in.) 225 1 $aAzienda moderna ;$v438 300 $aOn cover: EFESO, Ente di formazione per l'economia sociale; CISQCERT, Certificazione UNI EN ISO 9001. 610 0 $aMerchandising 676 $a658.8/7 700 1$aPellegrini,$bDavide$0147697 701 1$aDolciotti,$bIvano$0438032 801 0$aIT$bUNINA$gRICA$2UNIMARC 901 $aBK 912 $a9910379860403321 952 $a4-8-606-TI$bs.i.$fECA 959 $aECA 996 $aStore check$968274 997 $aUNINA LEADER 02669nam 2200589Ia 450 001 9910139871303321 005 20170815170152.0 010 $a0-470-54956-4 010 $a1-282-30627-8 010 $a9786612306273 010 $a1-118-26774-5 010 $a0-470-54955-6 035 $a(CKB)1000000000807366 035 $a(EBL)469671 035 $a(OCoLC)476874783 035 $a(SSID)ssj0000302674 035 $a(PQKBManifestationID)11232386 035 $a(PQKBTitleCode)TC0000302674 035 $a(PQKBWorkID)10266709 035 $a(PQKB)10826877 035 $a(MiAaPQ)EBC469671 035 $a(EXLCZ)991000000000807366 100 $a20090428d2010 uy 0 101 0 $aeng 135 $aur|n|---||||| 181 $ctxt 182 $cc 183 $acr 200 10$aMastering financial accounting essentials$b[electronic resource] $ethe critical nuts and bolts /$fStuart A. McCrary 210 $aHoboken, N.J. $cJohn Wiley & Sons$dc2010 215 $a1 online resource (176 p.) 225 1 $aWiley finance series 300 $aIncludes index. 311 $a0-470-39332-7 327 $aMastering Financial Accounting Essentials: The Critical Nuts and Bolts; Contents; Preface; Acknowledgments; Chapter 1: Creating Ledger Accounting; Chapter 2: Accounting Conventions; Chapter 3: Balance Sheet; Chapter 4: Adding an Income Statement; Chapter 5: Timing and Accrual Accounting; Chapter 6: The Statement of Cash Flows; Chapter 7: Ensuring Integrity; Chapter 8: Financial Statement Analysis; COLLECTED QUESTIONS; ANSWERS; About the Author; Index 330 $aAn indispensable hands-on guide to financial accounting In light of recent accounting scandals, it is critical that all financial practitioners understand and play by the rules of the accounting field. Starting from the assumption that the reader is not familiar with any accounting jargon, Mastering Financial Accounting Essentials presents material in a way that explains the key features of modern accounting step by step and helps you develop an intuitive understanding of accounting. Each chapter presents important accounting concepts, from inventory valuation methods and the t 410 0$aWiley finance series. 606 $aAccounting 606 $aFinancial statements 608 $aElectronic books. 615 0$aAccounting. 615 0$aFinancial statements. 676 $a650.01513 676 $a657 700 $aMcCrary$b Stuart A$0916374 801 0$bMiAaPQ 801 1$bMiAaPQ 801 2$bMiAaPQ 906 $aBOOK 912 $a9910139871303321 996 $aMastering financial accounting essentials$92066868 997 $aUNINA